| 000 | 00612nam a22001577a 4500 | ||
|---|---|---|---|
| 999 |
_c56800 _d56800 |
||
| 005 | 20191106120708.0 | ||
| 008 | 190430c2019 გ ||||| |||| 00| 0 geo d | ||
| 041 | _ageo | ||
| 245 |
_aახალი საუნჯე : _b2019 / _c იათაშვილი. |
||
| 260 |
_aთბილისი : _bსაუნჯე, _c2019 |
||
| 300 | _aV . | ||
| 653 | _aქართულინ რომანები და პოეზია | ||
| 653 | _aპერიოდიკა | ||
| 700 |
_aშოთა იათაშვილი _eმთავარი რედაქტორი _9534 |
||
| 942 |
_2udc _cCR |
||